Инженерные кадры - будущее инновационной экономики России. Ч. 2: Идеи и решения для инновационного развития лесных и лесоперерабатывающих технологий (Запись № 11440921)

Подробности
000 -МАРКЕР
контрольное поле 03155nam2a2200289 4500
001 - ИДЕНТИФИКАТОР ЗАПИСИ
контрольное поле RU\NLR\BIBL_A\012324980
005 - ИДЕНТИФИКАТОР ВЕРСИИ
контрольное поле 20201008165735.0
010 ## - МЕЖДУНАРОДНЫЙ СТАНДАРТНЫЙ НОМЕР КНИГИ (ISBN)
Номер (ISBN) 978-5-8158-2135-4
Уточнения ч. 2
021 ## - НОМЕР ГОСУДАРСТВЕННОЙ РЕГИСТРАЦИИ
Код страны Российская Федерация
Номер КН-П-20-023192
Номер Листа государственной регистраци КН-П-20-1815
035 ## - ДРУГИЕ СИСТЕМНЫЕ НОМЕРА
Идентификатор записи (NLR Aleph) 012324980
100 ## - ДАННЫЕ ОБЩЕЙ ОБРАБОТКИ
Данные общей обработки 20200901d2019 k y0rusy50 ca
101 0# - ЯЗЫК РЕСУРСА
Язык текста, звукозаписи и т.д. русский
102 ## - СТРАНА ПУБЛИКАЦИИ ИЛИ ПРОИЗВОДСТВА
Страна публикации Российская Федерация
105 ## - ПОЛЕ КОДИРОВАННЫХ ДАННЫХ: ТЕКСТОВЫЕ МАТЕРИАЛЫ, МОНОГРАФИЧЕСКИЕ
Кодированные данные о монографическом текстовом документе a|||z|||100zy
200 1# - ЗАГЛАВИЕ И СВЕДЕНИЯ ОБ ОТВЕТСТВЕННОСТИ
Основное заглавие Идеи и решения для инновационного развития лесных и лесоперерабатывающих технологий
Сведения, относящиеся к заглавию [секция
Первые сведения об ответственности редакционная коллегия: Бажин О.Н., канд. с.-х. наук, доц. и др.]
215 ## - ФИЗИЧЕСКАЯ ХАРАКТЕРИСТИКА
Специфическое обозначение материала и объем 128 с.
Другие сведения о физической характеристике ил., табл.
461 #0 - УРОВЕНЬ НАБОРА
Встроенное поле 001RU\NLR\BIBL_A\012324953
-- 2001#$aИнженерные кадры - будущее инновационной экономики России$eматериалы V Всероссийской студенческой конференции, Йошкар-Ола, 5-8 ноября 2019 г., [проходившей в рамках одноимённого Форума$eв 8 ч.]$fМинистерство науки и высшего образования Российской Федерации, Федеральное государственное бюджетное образовательное учреждение высшего образования "Поволжский государственный технологический университет", [Росмолодежь]$vЧ. 2
Системный номер (АБИС) связанной записи 11440777
Место публикации Йошкар-Ола
Дата публикации 2019
Первые сведения об ответственности Министерство науки и высшего образования Российской Федерации, Федеральное государственное бюджетное образовательное учреждение высшего образования "Поволжский государственный технологический университет", [Росмолодежь]
Имя издателя, распространителя и т.д. Поволжский государственный технологический университет
Сведения, относящиеся к заглавию материалы V Всероссийской студенческой конференции, Йошкар-Ола, 5-8 ноября 2019 г., [проходившей в рамках одноимённого Форума : в 8 ч.]
Заглавие Инженерные кадры - будущее инновационной экономики России
ISBN 9785815821330
Номер тома Ч. 2
606 1# - НАИМЕНОВАНИЕ ТЕМЫ КАК ПРЕДМЕТ
Наименование темы Лесное хозяйство
Формальный подзаголовок Съезды, совещания и т.п
Тематический подзаголовок Инновационные технологии
Географический подзаголовок Российская Федерация
Системный номер авторитетной/нормативной записи 2322892
Идентификатор авторитетной/нормативной записи RU\NLR\AUTH\6601614270
606 1# - НАИМЕНОВАНИЕ ТЕМЫ КАК ПРЕДМЕТ
Наименование темы Лесохимические производства
Формальный подзаголовок Съезды, совещания и т.п
Тематический подзаголовок Инновационные технологии
Системный номер авторитетной/нормативной записи 2450143
Идентификатор авторитетной/нормативной записи RU\NLR\AUTH\6601674485
686 1# - ИНДЕКСЫ ДРУГИХ КЛАССИФИКАЦИЙ
Индекс П3(2Р)я431(2)
686 1# - ИНДЕКСЫ ДРУГИХ КЛАССИФИКАЦИЙ
Индекс Л76я431(2)
702 #1 - ИМЯ ЛИЦА - ВТОРИЧНАЯ ОТВЕТСТВЕННОСТЬ
Начальный элемент ввода Бажин
Часть имени, кроме начального элемента ввода О. Н.
Расширение инициалов личного имени Олег Николаевич
Код отношения Редактор
942 ## - ДОПОЛНИТЕЛЬНЫЕ ЭЛЕМЕНТЫ ЗАПИСИ (АБИС)
Тип экземпляра АБИС Книга
980 ## - КОЛЛЕКЦИЯ
Название коллекции Национальная библиография
Экземпляры
Тип экземпляра Дата поступления Источник поступления Стоимость Библиотека постоянного хранения Библиотека текущего хранения Место хранения Шифр хранения Штрих-код Статус экземпляра
Книга 01.09.2020 Обязательный экземпляр 0.00 РНБ (Московский) РНБ (Московский) Русский книжный фонд: издания с 1957 года 2020-3/12077 1-3159306  
Книга 01.09.2020 Обязательный экземпляр 0.00 РНБ (Московский) РНБ (Московский) Русский книжный фонд: издания с 1957 года 2020-3/12077 1-3159307